Le ali di Icaro (Record n. 210483)

Dettagli MARC
000 -LEADER
fixed length control field 01543nam a2200205Ia 4500
001 - CONTROL NUMBER
control field b6550-47132
003 - CONTROL NUMBER IDENTIFIER
control field IT-MiCISF
008 - FIXED-LENGTH DATA ELEMENTS--GENERAL INFORMATION
fixed length control field 161014s9999||||xx |||||||||||||| ||und||
040 ## - CATALOGING SOURCE
Original cataloging agency IT-MiCISF
Transcribing agency IT-MiCISF
041 ## - LANGUAGE CODE
Language code of text/sound track or separate title it
999 ## - SYSTEM CONTROL NUMBERS (KOHA)
Koha Dewey Subclass [OBSOLETE] si
100 ## - MAIN ENTRY--PERSONAL NAME
Personal name Carbone Paola
245 #0 - TITLE STATEMENT
Title Le ali di Icaro
Remainder of title Capire e prevenire gli incidenti dei giovani
250 ## - EDITION STATEMENT
Edition statement 1a ed.
260 ## - PUBLICATION, DISTRIBUTION, ETC. (IMPRINT)
Place of publication, distribution, etc. Torino
Name of publisher, distributor, etc. Bollati Boringhieri
Date of publication, distribution, etc. 2009
300 ## - PHYSICAL DESCRIPTION
Extent pp. 296
500 ## - GENERAL NOTE
General note / adolescenza, giovani, comportamento, psicologia, esperienze, famiglia, prevenzione, servizi-sanitari / Nonostante le massicce campagne di prevenzione, i deterrenti legali e l'inasprimento delle pene, l'incidente rimane la più frequente causa di morte tra adolescenti e giovani. Del fenomeno si trascurano spesso le dinamiche psicologiche, i processi interni che portano a un "agito" attraverso cui molti adolescenti segnalano un disagio altrimenti non esprimibile. Partendo da una prospettiva psicoanalitica, il volume esplora la varietà delle costellazioni psicologiche che differenziano ogni adolescente e ogni incidente, evidenziando allo stesso tempo indicatori di rischio su cui fondare interventi preventivi mirati, e rappresenta un sostanziale passo avanti nella comprensione dei comportamenti a rischio, perché forte della sua esperienza sul campo, l'A. presenta i risultati di alcune recentissime ricerche condotte sugli adulti, inerenti la loro percezione del rischiare giovane.
650 ## - SUBJECT ADDED ENTRY--TOPICAL TERM
Topical term or geographic name as entry element Adolescenti e giovani / età-evolutiva
Relator term 009
942 ## - ADDED ENTRY ELEMENTS (KOHA)
Koha item type LIBRO
957 ## -
-- 1
999 ## - SYSTEM CONTROL NUMBERS (KOHA)
-- 1
Dati di copia
Withdrawn status Lost status Damaged status Not for loan Home library Current library Date acquired Total Checkouts Full call number Date last seen Price effective from Koha item type Public note
    Buone Condizioni Not For Loan CISF - Milano CISF - Milano 14/10/2016   b6550-47132 14/10/2016 14/10/2016 LIBRO Data import 15.10.2016 / by Epidotti, Vaglietti
CREDITS: SOCIETA' SAN PAOLO Via A.Severo, 58 - ROMA (RM) & PERIODICI SAN PAOLO SRL Via Giotto, 36 MILANO & CISF Via Giotto, 36 MILANO & EDIZIONI SAN PAOLO SRL,  Piazza Soncino, 5 CINISELLO BALSAMO (MI) -- ITALY